000 01101cam a22003257a 4500
003 CHAP
005 20220329133246.0
008 971013s1991 r 00010 d
010 _a4036
011 _a5008
035 _a4214
040 _cCHAP
090 _aTesis
100 0 0 _aRamírez Rojas, Rosendo.
_994237
245 1 3 _aEl ejido y la pequeña propiedad
_b: sus productividades comparadas en el municipio de Villa Corzo, Chiapas; un estudio de caso
260 _aChapingo, Méx. :
_bEl Autor,
_c1991
300 _a60 h.
500 _aD52-116
502 _aTesis (Ing. Agr. Esp. en Economía Agrícola) -- UACH. Departamento de Economía Agrícola
590 _aALEPH
_b10
_c20130110
_lUCH01
_h1215
590 _aBATCH-UPD
_b10
_c20130110
_lUCH01
_h1702
590 _aBATCH-UPD
_b10
_c20130410
_lUCH01
_h1050
590 _aBATCH-UPD
_b10
_c20130914
_lUCH01
_h1254
590 _aCONVERSION
_b10
_c20130109
_lUCH01
_h1303
650 1 4 _aEjidos
_xChiapas.
_936008
650 1 4 _aTierras
_xTenencia
_xChiapas.
_9113149
901 _aBK
942 _cTESIS
949 _bBC
_cTES
_d-13747
_eTS1
_h24497
_i4214
_si
999 _c4036
_d4036